|
|
|
|
| LEADER |
00000cam a2200000 7i4500 |
| 001 |
0000082215 |
| 005 |
20190115.0 |
| 008 |
190115 |
| 020 |
|
|
|a 9789672064749
|
| 041 |
0 |
|
|a English
|
| 090 |
0 |
0 |
|a 658.827072
|b CON
|
| 245 |
0 |
0 |
|a Contemporary research in brand management
|c editors Hasnizam Shaari, Salniza Md. Salleh
|
| 260 |
|
|
|a Pulau Pinang :
|b Universiti Sains Malaysia ,
|c 2017
|
| 300 |
|
|
|a 213p. ;
|c 22.9cm.
|
| 541 |
0 |
0 |
|c Purchased on 2018
|f 2018/109 EKM
|h RM50.00
|
| 650 |
|
0 |
|a Brand name product
|x Research
|
| 700 |
0 |
|
|a Salasiah Che Lah
|
| 999 |
|
|
|a 0001531625
|b Book
|c Adult Collection
|e Cawangan Mersing
|
| 999 |
|
|
|a 0001531626
|b Book
|c Adult Collection
|e Cawangan Tmn. Ungku Tun Aminah
|
| 999 |
|
|
|a 0001531628
|b Book
|c Adult Collection
|e Cawangan Bandar Penawar
|
| 999 |
|
|
|a 0001531629
|b Book
|c Adult Collection
|e Cawangan Sri Merlong
|
| 999 |
|
|
|a 0001531630
|b Book
|c Adult Collection
|e Cawangan Pontian
|
| 999 |
|
|
|a 0001531631
|b Book
|c Adult Collection
|e Cawangan Segamat
|
| 999 |
|
|
|a 0001531632
|b Book
|c Adult Collection
|e Cawangan Taman Sri Lambak
|
| 999 |
|
|
|a 0001531633
|b Book
|c Adult Collection
|e Cawangan Kota Tinggi
|
| 999 |
|
|
|a 0001531634
|b Book
|c Adult Collection
|e Cawangan Batu Pahat
|
| 999 |
|
|
|a 0001531636
|b Book
|c Adult Collection
|e Cawangan Bandar Tenggara
|
| 999 |
|
|
|a 0001532243
|b Book
|c Adult Collection
|e Perbadanan Perpustakaan Awam Johor
|
| 999 |
|
|
|a 0001532244
|b Book
|c Adult Collection
|e Cawangan Urban Transformation Centre
|
| 999 |
|
|
|a 0001532245
|b Book
|c Adult Collection
|e Cawangan AEON Kulaijaya
|